00290 a2200097 4500001001000000005001700010008004100027245003200068100002500100773006700125ART_1285020260410161733.0260409a 10aSegun pasaron los años...1 aBrodersohn, Mario S.0 tEjecutivos de finanzasg- Año 7, Nº 54 (abr. 1989)wREV2863